| 000 | 00563nam a2200169 4500 | ||
|---|---|---|---|
| 999 |
_c8392 _d8392 |
||
| 008 | 180201b xxu||||| |||| 00| 0 eng d | ||
| 020 | _a971-14-0008-1 | ||
| 082 |
_21985 _aDFil 658.15 _bSa3 |
||
| 100 |
_925987 _aSaldana, Cesar G. |
||
| 245 |
_aFinancial management in the Philippine setting/ _cCesar G. Saldana. |
||
| 250 | _aFirst Edition | ||
| 260 |
_aQuezon City, Philippines: _bAFA Publications, Inc., _c©1985. |
||
| 300 |
_axviii, 826 pages; _c21 cm. |
||
| 521 | _aIncludes references and index. | ||
| 650 | 0 |
_925989 _aFinance _xmanagement |
|
| 942 |
_2ddc _cDFIL |
||